[Event "ESP-chT CECLUB Div2"]
[Site "Linares"]
[Date "2014.08.21"]
[Round "5.8"]
[White "Diaz Nunez, Adolfo"]
[Black "Moya Mallafre, Erik"]
[Result "1-0"]
[WhiteElo "2253"]
[BlackElo "1939"]
[PlyCount "84"]
[EventDate "2014.08.18"]
[EventType "team-swiss"]
[EventRounds "6"]
[EventCountry "ESP"]
[SourceTitle "CBM 162 Extra"]
[Source "ChessBase"]
[SourceDate "2014.10.17"]
[SourceVersion "1"]
[SourceVersionDate "2014.10.17"]
[SourceQuality "1"]
[WhiteTeam "Binissalem"]
[BlackTeam "Logrono Sociedad"]
[WhiteTeamCountry "ESP"]
[BlackTeamCountry "ESP"]

1. Nf3 c6 2. c4 d5 3. e3 g6 4. d4 Bg7 5. Nc3 Nf6 6. Be2 0-0 7. 0-0 Nbd7 8. cxd5 cxd5 9. Qb3 Nb6 10. a4 a5 11. Bd2 Bf5 12. Rfc1 Ne4 13. Be1 Nxc3 14. Rxc3 Qd6 15. Rc5 Nc4 16. Bxc4 dxc4 17. Qxc4 Be6 18. Qb5 Rfb8 19. Rac1 Bd7 20. Qb3 b6 21. Rc7 Bf6 22. Ne5 Be8 23. Nf3 b5 24. axb5 Rxb5 25. Qa3 Qe6 26. R7c2 a4 27. Bc3 Rb3 28. Qc5 Rc8 29. Qa5 Rb5 30. Qa7 Qe4 31. h3 Kg7 32. Nd2 Qf5 33. e4 Qf4 34. e5 Bg5 35. Nf3 Bh6 36. Bd2 Qf5 37. Bxh6+ Kxh6 38. Rxc8 Bd7 39. R8c7 Qf4 40. d5 Bxh3 41. Qe3 Qxe3 42. Ra1 Bc8 1-0

[Event "ESP-chT CECLUB Div2"]
[Site "Linares"]
[Date "2014.08.19"]
[Round "2.3"]
[White "Garcia Rodriguez, Victor"]
[Black "Diaz Nunez, Adolfo"]
[Result "1-0"]
[WhiteElo "2179"]
[BlackElo "2253"]
[PlyCount "167"]
[EventDate "2014.08.18"]
[EventType "team-swiss"]
[EventRounds "6"]
[EventCountry "ESP"]
[SourceTitle "CBM 162 Extra"]
[Source "ChessBase"]
[SourceDate "2014.10.17"]
[SourceVersion "1"]
[SourceVersionDate "2014.10.17"]
[SourceQuality "1"]
[WhiteTeam "Nazari CC"]
[BlackTeam "Binissalem"]
[WhiteTeamCountry "ESP"]
[BlackTeamCountry "ESP"]

1. e4 c6 2. Nc3 d5 3. Nf3 Nf6 4. e5 Ne4 5. d3 Nxc3 6. bxc3 c5 7. d4 e6 8. Bd3 c4 9. Bf1 Qa5 10. Bd2 Be7 11. h4 Nc6 12. Rh3 Bd7 13. Rg3 g6 14. h5 0-0-0 15. Ng5 Rdf8 16. Nh3 gxh5 17. Qxh5 f6 18. f4 fxe5 19. fxe5 Rf5 20. Qh6 Qd8 21. Rf3 Bf8 22. Qe3 Rxf3 23. Qxf3 Be7 24. Nf4 Qb6 25. g3 Rf8 26. Qd1 Rg8 27. Qf3 Qd8 28. Ke2 Bg5 29. Bh3 Bxf4 30. Bxf4 Qb6 31. Bd2 Qd8 32. Rf1 Qe7 33. Be1 Qg5 34. Kd1 Kc7 35. g4 Rg6 36. Bd2 Qh4 37. g5 Ne7 38. Bg4 Rxg5 39. Bxg5 Qxg5 40. Rh1 h6 41. Rh5 Qg6 42. Qh3 Ba4 43. Rxh6 Qxc2+ 44. Ke1 Qc1+ 45. Kf2 Qd2+ 46. Be2 Bd1 47. Rh7 Qxe2+ 48. Kg1 Qe1+ 49. Qf1 Qg3+ 50. Qg2 Qe1+ 51. Qf1 Qxf1+ 52. Kxf1 Kd7 53. Kf2 Bc2 54. Rg7 Ke8 55. Kf3 Kf8 56. Rg1 Kf7 57. Kf4 b5 58. Rg2 Be4 59. Rb2 a6 60. a4 bxa4 61. Ra2 Nc6 62. Rxa4 a5 63. Ra2 Bf5 64. Rb2 Nxd4 65. cxd4 c3 66. Rb7+ Kg6 67. Ke3 c2 68. Kd2 Kg5 69. Ra7 Kf4 70. Rxa5 Ke4 71. Ra4 Kf4 72. Ra1 Ke4 73. Kc3 Ke3 74. Re1+ Kf2 75. Kd2 Kf3 76. Rh1 Ke4 77. Rh4+ Kf3 78. Rh6 Ke4 79. Rh5 Kf4 80. Rh4+ Kf3 81. Rh1 Ke4 82. Rf1 Bg4 83. Kxc2 Kxd4 84. Rh1 1-0

[Event "Can Picafort"]
[Site "Can Picafort"]
[Date "2014.03.27"]
[Round "6"]
[White "Lyell, Mark"]
[Black "Diaz Nunez, Adolfo"]
[Result "1/2-1/2"]
[WhiteElo "2205"]
[BlackElo "2258"]
[PlyCount "70"]
[EventDate "2014.03.23"]
[EventType "tourn"]
[EventRounds "9"]
[EventCountry "ESP"]
[EventCategory "2"]
[SourceTitle "EXT 2015"]
[Source "ChessBase"]
[SourceDate "2014.11.20"]
[SourceVersion "1"]
[SourceVersionDate "2014.11.20"]
[SourceQuality "1"]

1. e4 c6 2. d4 d5 3. exd5 cxd5 4. c4 Nf6 5. Nc3 Nc6 6. Bg5 Be6 7. a3 g6 8. Bxf6 exf6 9. c5 Bg7 10. Bb5 0-0 11. Nge2 f5 12. Qd2 Qf6 13. Bxc6 bxc6 14. f4 Bc8 15. 0-0-0 Ba6 16. Ng1 Rab8 17. Nf3 Rb3 18. Ne5 Qe6 19. Rhe1 Qc8 20. Na2 Bc4 21. Nb4 Bxe5 22. dxe5 Qb7 23. Qd4 a5 24. Nc2 Rb8 25. e6 Rxb2 26. e7 Rb1+ 27. Kd2 Rxd1+ 28. Kxd1 Re8 29. Qf6 Bb3 30. Re3 d4 31. Qxd4 Be6 32. Qd6 Qxe7 33. Qxe7 Rxe7 34. Kd2 Rb7 35. Nd4 Bd5 1/2-1/2

[Event "Can Picafort"]
[Site "Can Picafort"]
[Date "2014.03.26"]
[Round "5"]
[White "Nilsen, Joachim Birger"]
[Black "Diaz Nunez, Adolfo"]
[Result "1-0"]
[WhiteElo "2304"]
[BlackElo "2258"]
[PlyCount "87"]
[EventDate "2014.03.23"]
[EventType "tourn"]
[EventRounds "9"]
[EventCountry "ESP"]
[EventCategory "2"]
[SourceTitle "EXT 2015"]
[Source "ChessBase"]
[SourceDate "2014.11.20"]
[SourceVersion "1"]
[SourceVersionDate "2014.11.20"]
[SourceQuality "1"]

1. Nf3 d5 2. c4 c6 3. g3 Nf6 4. Bg2 dxc4 5. 0-0 Nbd7 6. Na3 Nb6 7. Qc2 g6 8. Nxc4 Nxc4 9. Qxc4 Bg7 10. d3 Nd5 11. h3 a5 12. Rb1 h6 13. Bd2 Be6 14. Qc1 Qd7 15. Kh2 g5 16. a3 a4 17. e4 Nc7 18. Bc3 Bxc3 19. bxc3 Bb3 20. d4 Nb5 21. Nd2 Be6 22. Rxb5 cxb5 23. d5 Rc8 24. dxe6 Qxe6 25. Qb2 Qe5 26. Rc1 Qc5 27. Nf3 e5 28. Ne1 0-0 29. Nd3 Qd6 30. Nb4 f5 31. exf5 Rxf5 32. Be4 Rff8 33. Qe2 Rcd8 34. Bd5+ Kg7 35. Kg1 e4 36. Qxe4 Qf6 37. Qe3 Rd7 38. Bg2 Qe7 39. Nd5 Qxe3 40. fxe3 Rfd8 41. e4 Rf7 42. Rb1 Rdf8 43. Rxb5 Rf2 44. Nf4 1-0

[Event "Can Picafort"]
[Site "Can Picafort"]
[Date "2014.03.25"]
[Round "3"]
[White "Van Foreest, Jorden"]
[Black "Diaz Nunez, Adolfo"]
[Result "1-0"]
[WhiteElo "2380"]
[BlackElo "2258"]
[PlyCount "83"]
[EventDate "2014.03.23"]
[EventType "tourn"]
[EventRounds "9"]
[EventCountry "ESP"]
[EventCategory "2"]
[SourceTitle "EXT 2015"]
[Source "ChessBase"]
[SourceDate "2014.11.20"]
[SourceVersion "1"]
[SourceVersionDate "2014.11.20"]
[SourceQuality "1"]

1. Nf3 d5 2. g3 Nf6 3. Bg2 c6 4. c4 dxc4 5. 0-0 Nbd7 6. Qc2 Nb6 7. Na3 g6 8. Nxc4 Nxc4 9. Qxc4 Bg7 10. d3 0-0 11. Bd2 a5 12. h3 h6 13. e4 Be6 14. Qc2 Qd7 15. Ne5 Qc8 16. Nc4 Bxc4 17. Qxc4 Rd8 18. Be3 Ne8 19. Bb6 Rd7 20. f4 Ra6 21. Be3 Qd8 22. f5 g5 23. Rad1 Bd4 24. Bxd4 Rxd4 25. Qc2 Qd6 26. Qe2 Qe5 27. f6 exf6 28. Rf5 Qxg3 29. e5 fxe5 30. Rf3 Qh4 31. Qxe5 Rd8 32. d4 Raa8 33. Rxf7 Kxf7 34. Rf1+ Qf4 35. Rxf4+ gxf4 36. d5 Rd6 37. dxc6 bxc6 38. Bxc6 Rxc6 39. Qd5+ Re6 40. Qxa8 Re5 41. Kf2 Kf6 42. Kf3 1-0

[Event "Can Picafort"]
[Site "Can Picafort"]
[Date "2014.03.24"]
[Round "2"]
[White "Diaz Nunez, Adolfo"]
[Black "Stokke, Kjetil"]
[Result "1/2-1/2"]
[WhiteElo "2258"]
[BlackElo "2372"]
[PlyCount "53"]
[EventDate "2014.03.23"]
[EventType "tourn"]
[EventRounds "9"]
[EventCountry "ESP"]
[EventCategory "2"]
[SourceTitle "EXT 2015"]
[Source "ChessBase"]
[SourceDate "2014.11.20"]
[SourceVersion "1"]
[SourceVersionDate "2014.11.20"]
[SourceQuality "1"]

1. Nf3 Nf6 2. c4 g6 3. Nc3 Bg7 4. e4 0-0 5. d4 d6 6. Be2 e5 7. Be3 Ng4 8. Bg5 f6 9. Bh4 Nc6 10. d5 Ne7 11. Nd2 h5 12. h3 Nh6 13. g4 hxg4 14. hxg4 Nf7 15. Qc2 Bd7 16. 0-0-0 c5 17. Rh2 a6 18. Kb1 b5 19. Rdh1 Nc8 20. Bg3 Nb6 21. f4 Nxc4 22. Nxc4 bxc4 23. f5 Rb8 24. Bf1 Qa5 25. Nd1 Qa4 26. fxg6 Ng5 27. Ne3 1/2-1/2

[Event "Calvia Amateur op 10th"]
[Site "Calvia"]
[Date "2013.10.07"]
[Round "3"]
[White "Diaz Nunez, Adolfo"]
[Black "Al Khouri, Ismaeil E"]
[Result "1/2-1/2"]
[WhiteElo "2269"]
[BlackElo "2105"]
[PlyCount "28"]
[EventDate "2013.10.05"]
[EventType "swiss"]
[EventRounds "9"]
[EventCountry "ESP"]
[SourceTitle "EXT 2014"]
[Source "ChessBase"]
[SourceDate "2013.11.20"]
[SourceVersion "1"]
[SourceVersionDate "2013.11.20"]
[SourceQuality "1"]

1. Nf3 Nf6 2. c4 d6 3. d4 Nbd7 4. Nc3 c6 5. e4 e5 6. Be2 Be7 7. 0-0 0-0 8. Rb1 a5 9. b3 Qc7 10. Re1 Re8 11. Bf1 Bf8 12. Bg5 h6 13. Bh4 g6 14. Qd2 Nh5 1/2-1/2

[Event "Can Picafort 05"]
[Site "Can Picafort"]
[Date "2013.05.15"]
[Round "4"]
[White "Diaz Nunez, Adolfo"]
[Black "Vishnu, Prasanna V"]
[Result "1/2-1/2"]
[WhiteElo "2257"]
[BlackElo "2480"]
[PlyCount "39"]
[EventDate "2013.05.13"]
[EventType "tourn"]
[EventRounds "9"]
[EventCountry "ESP"]
[EventCategory "8"]
[SourceTitle "CBM 154 Extra"]
[Source "ChessBase"]
[SourceDate "2013.06.25"]
[SourceVersion "2"]
[SourceVersionDate "2013.06.25"]
[SourceQuality "1"]

1. Nf3 Nf6 2. c4 g6 3. Nc3 Bg7 4. e4 d6 5. d4 0-0 6. Be2 e5 7. Be3 Ng4 8. Bg5 f6 9. Bc1 Nc6 10. d5 Nd4 11. Nxd4 exd4 12. Nb5 f5 13. 0-0 d3 14. Bxg4 fxg4 15. Qxd3 Be5 16. Nd4 Qh4 17. g3 Qe7 18. Be3 Re8 19. Rfe1 a6 20. Rac1 1/2-1/2

[Event "Calvia Amateur op 9th"]
[Site "Calvia"]
[Date "2012.10.06"]
[Round "1"]
[White "Kopischke, Maik"]
[Black "Diaz Nunez, Adolfo"]
[Result "1/2-1/2"]
[WhiteElo "1867"]
[BlackElo "2225"]
[PlyCount "97"]
[EventDate "2012.10.06"]
[EventType "swiss"]
[EventRounds "9"]
[EventCountry "ESP"]
[SourceTitle "EXT 2013"]
[Source "ChessBase"]
[SourceDate "2012.11.22"]
[SourceVersion "1"]
[SourceVersionDate "2012.11.22"]
[SourceQuality "1"]

1. d4 d5 2. Nf3 Nf6 3. c3 g6 4. Bg5 Bg7 5. Nbd2 Nbd7 6. e3 0-0 7. Be2 c5 8. 0-0 Qb6 9. Qb3 c4 10. Qc2 h6 11. Bh4 Re8 12. b3 cxb3 13. axb3 e5 14. dxe5 Nxe5 15. Nxe5 Rxe5 16. Bg3 Bf5 17. Bd3 Bxd3 18. Qxd3 Ree8 19. Rab1 Ne4 20. Nxe4 dxe4 21. Qc2 Rad8 22. Rfd1 f5 23. c4 Rxd1+ 24. Rxd1 Rd8 25. h3 Qa5 26. Kf1 Rxd1+ 27. Qxd1 Qa1 28. Qxa1 Bxa1 29. Bd6 Bc3 30. Bc5 a6 31. Ke2 Kf7 32. f3 b5 33. cxb5 axb5 34. fxe4 fxe4 35. Bd4 Bb4 36. g4 h5 37. gxh5 gxh5 38. Kf2 Bd6 39. Ke2 Ke6 40. Kd2 Kf5 41. Kc3 Kg5 42. Bg7 Kh4 43. Kd4 Kxh3 44. Kxe4 Kg4 45. Kd5 Bg3 46. Bf6 Kf5 47. Be7 h4 48. Bxh4 Bxh4 49. Kc5 1/2-1/2

[Event "Baleares-chT"]
[Site "Ibiza"]
[Date "2012.06.12"]
[Round "4.1"]
[White "Diaz Nunez, Adolfo"]
[Black "Pita Romero, Marc"]
[Result "1-0"]
[WhiteElo "2219"]
[BlackElo "1719"]
[PlyCount "73"]
[EventDate "2012.05.10"]
[EventType "team-swiss"]
[EventRounds "5"]
[EventCountry "ESP"]
[SourceTitle "EXT 2014"]
[Source "ChessBase"]
[SourceDate "2013.11.20"]
[SourceVersion "1"]
[SourceVersionDate "2013.11.20"]
[SourceQuality "1"]

1. Nf3 f5 2. g3 Nf6 3. Bg2 g6 4. d4 Bg7 5. 0-0 d6 6. c4 0-0 7. Nc3 Nc6 8. d5 Na5 9. Qa4 b6 10. Nd4 Bd7 11. Qc2 Rb8 12. Rd1 a6 13. b3 Nb7 14. b4 Qe8 15. Bb2 Nd8 16. e3 e5 17. dxe6 Nxe6 18. Nxe6 Bxe6 19. Nd5 Qd8 20. Rac1 Nd7 21. Nf4 Bf7 22. Bxg7 Kxg7 23. Nd5 c6 24. Nf4 Qc7 25. Qd2 Ne5 26. Qxd6 Qxd6 27. Rxd6 Bxc4 28. a3 c5 29. Bf1 Bg8 30. Ne6+ Bxe6 31. Rxe6 Nf3+ 32. Kg2 Ng5 33. Re7+ Kf6 34. Ra7 cxb4 35. Rc6+ Ne6 36. axb4 Ke5 37. Re7 1-0

[Event "Mallorca-chT Preferente"]
[Site "Palma de Mallorca"]
[Date "2012.03.24"]
[Round "8.2"]
[White "Perez Gandesa, Jose Antonio"]
[Black "Diaz Nunez, Adolfo"]
[Result "1-0"]
[WhiteElo "1911"]
[BlackElo "2229"]
[PlyCount "61"]
[EventDate "2012.01.28"]
[EventType "team"]
[EventRounds "9"]
[EventCountry "ESP"]
[SourceTitle "EXT 2014"]
[Source "ChessBase"]
[SourceDate "2013.11.20"]
[SourceVersion "1"]
[SourceVersionDate "2013.11.20"]
[SourceQuality "1"]
[WhiteTeam "Dimonis Algaida"]
[BlackTeam "Agora Megaescacs"]
[WhiteTeamCountry "ESP"]
[BlackTeamCountry "ESP"]

1. d4 d5 2. Bg5 f6 3. Bh4 Nh6 4. e3 Nf5 5. Bd3 Nxh4 6. Qh5+ g6 7. Qxh4 Bg7 8. Ne2 Nc6 9. c3 e5 10. Nd2 Ne7 11. dxe5 fxe5 12. Rd1 c6 13. Nb3 0-0 14. 0-0 Nf5 15. Qxd8 Rxd8 16. e4 Ne7 17. exd5 cxd5 18. f4 Bg4 19. fxe5 Bxe5 20. h3 Bxe2 21. Bxe2 Nf5 22. Rf3 Ng3 23. Bb5 Nf5 24. Rfd3 Rf8 25. g4 Nh4 26. Rxd5 Bf4 27. Re1 a6 28. Bc4 b5 29. Rxb5+ Kg7 30. Rb7+ Kh6 31. Ree7 1-0

[Event "Calvia Amateur op 8th"]
[Site "Calvia"]
[Date "2011.10.13"]
[Round "6"]
[White "Diaz Nunez, Adolfo"]
[Black "Navarro Ortiz de Orruno, Borja"]
[Result "1/2-1/2"]
[WhiteElo "2229"]
[BlackElo "2275"]
[PlyCount "30"]
[EventDate "2011.10.08"]
[EventType "swiss"]
[EventRounds "9"]
[EventCountry "ESP"]
[SourceTitle "CBM 144 Extra"]
[Source "ChessBase"]
[SourceDate "2011.10.28"]
[SourceVersion "1"]
[SourceVersionDate "2011.10.28"]
[SourceQuality "1"]

1. Nf3 Nf6 2. c4 c6 3. d4 d5 4. Qc2 g6 5. Bf4 Qa5+ 6. Nc3 dxc4 7. e4 b5 8. Bd2 Qb6 9. a4 Bb7 10. e5 Nd5 11. b3 Nb4 12. Qb1 Nd3+ 13. Bxd3 cxd3 14. Qxd3 b4 15. a5 Qa6 1/2-1/2

[Event "Benidorm op U2300 09th"]
[Site "Benidorm"]
[Date "2010.12.11"]
[Round "10"]
[White "Diaz Nunez, Adolfo"]
[Black "Jordan Martinez, Miguel"]
[Result "1/2-1/2"]
[WhiteElo "2248"]
[BlackElo "2169"]
[PlyCount "20"]
[EventDate "2010.12.03"]
[EventType "swiss"]
[EventRounds "10"]
[EventCountry "ESP"]
[SourceTitle "CBM 139 Extra"]
[Source "ChessBase"]
[SourceDate "2011.01.05"]
[SourceVersion "1"]
[SourceVersionDate "2011.01.05"]
[SourceQuality "1"]

1. Nf3 Nf6 2. c4 Nc6 3. d4 e6 4. g3 Bb4+ 5. Bd2 Bxd2+ 6. Qxd2 d6 7. Nc3 0-0 8. Bg2 e5 9. d5 Ne7 10. 0-0 a5 1/2-1/2

[Event "Benidorm op U2300 09th"]
[Site "Benidorm"]
[Date "2010.12.08"]
[Round "7"]
[White "Diaz Nunez, Adolfo"]
[Black "Suarez Roa, Jose Francisco"]
[Result "0-1"]
[WhiteElo "2248"]
[BlackElo "2209"]
[PlyCount "64"]
[EventDate "2010.12.03"]
[EventType "swiss"]
[EventRounds "10"]
[EventCountry "ESP"]
[SourceTitle "CBM 139 Extra"]
[Source "ChessBase"]
[SourceDate "2011.01.05"]
[SourceVersion "1"]
[SourceVersionDate "2011.01.05"]
[SourceQuality "1"]

1. Nf3 c5 2. c4 g6 3. d4 Nf6 4. Nc3 Bg7 5. e4 cxd4 6. Nxd4 d6 7. Be2 b6 8. Be3 Bb7 9. f3 Nbd7 10. Rc1 a6 11. 0-0 0-0 12. Qd2 Re8 13. Rfd1 Rc8 14. b4 e6 15. Nb3 d5 16. exd5 exd5 17. c5 Qe7 18. Bd4 Qf8 19. g4 Ne5 20. Qf4 Nfd7 21. Kf2 Re6 22. Qd2 Rce8 23. Bf1 h5 24. h3 hxg4 25. hxg4 g5 26. Qxg5 Rg6 27. Qf5 Rf6 28. Qh5 Nxf3 29. Bd3 Rh6 30. Qg5 Nxd4 31. Nxd4 Ne5 32. Rh1 Bc8 0-1

[Event "Pontevedra op 21st"]
[Site "Pontevedra"]
[Date "2008.08.15"]
[Round "6"]
[White "Rusev, Krasimir"]
[Black "Diaz Nunez, Adolfo"]
[Result "1-0"]
[WhiteElo "2508"]
[BlackElo "2251"]
[PlyCount "166"]
[EventDate "2008.08.10"]
[EventType "swiss"]
[EventRounds "9"]
[EventCountry "ESP"]
[SourceTitle "CBM 125 Extra"]
[Source "ChessBase"]
[SourceDate "2008.09.01"]
[SourceVersion "1"]
[SourceVersionDate "2008.09.01"]
[SourceQuality "1"]

1. d4 d5 2. Nf3 Nf6 3. c4 c6 4. Nc3 a6 5. c5 Bf5 6. Bf4 Nbd7 7. e3 g6 8. h3 Bg7 9. g4 Be4 10. Be2 Bxf3 11. Bxf3 0-0 12. 0-0 Ne8 13. e4 dxe4 14. Nxe4 Nc7 15. Bg2 Ne6 16. Be3 Nc7 17. Qd2 Nd5 18. Bg5 N7f6 19. Nc3 Qd7 20. Rfe1 Rfe8 21. Bh4 h6 22. Bg3 Rad8 23. Rad1 e6 24. a3 b5 25. cxb6 Nxb6 26. Qe2 Qb7 27. b4 Nbd5 28. Rc1 Nxc3 29. Rxc3 Nd5 30. Rc4 a5 31. bxa5 Qa6 32. Rc5 Qxe2 33. Rxe2 Ne7 34. Be5 Bxe5 35. dxe5 Rd1+ 36. Kh2 Ra1 37. Re3 Ra8 38. Rb3 Ra2 39. Kg3 Nd5 40. h4 g5 41. h5 Nf4 42. Bxc6 Ne2+ 43. Kh2 Nd4 44. Bxa8 Nxb3 45. Rc8+ Kg7 46. a6 Rxa3 47. Bb7 Nd4 48. Rc5 Ne2 49. Rc2 Nf4 50. Rd2 Rh3+ 51. Kg1 Ra3 52. f3 Nh3+ 53. Kg2 Nf4+ 54. Kf2 Nh3+ 55. Ke2 Nf4+ 56. Kd1 Nd5 57. Kc1 Nc7 58. Rd6 Ra5 59. Rc6 Nxa6 60. Bxa6 Rxe5 61. Kd2 Ra5 62. Bd3 Ra7 63. Rb6 Rd7 64. Ke3 Ra7 65. Rb8 Rd7 66. Be4 Ra7 67. Kd4 Ra3 68. Kc4 Ra1 69. Rb1 Ra7 70. Rb8 Ra4+ 71. Kc5 Ra1 72. Rb1 Ra3 73. Kd6 Ra6+ 74. Ke7 Ra7+ 75. Rb7 Ra6 76. Rc7 f5 77. Bb1 fxg4 78. fxg4 Rb6 79. Ba2 Kh8 80. Kf7 Rb8 81. Kf6 Rf8+ 82. Kg6 Rg8+ 83. Kxh6 Re8 1-0

[Event "Pontevedra op 21st"]
[Site "Pontevedra"]
[Date "2008.08.11"]
[Round "2"]
[White "Villar Perez, Samuel"]
[Black "Diaz Nunez, Adolfo"]
[Result "1-0"]
[WhiteElo "1937"]
[BlackElo "2251"]
[PlyCount "81"]
[EventDate "2008.08.10"]
[EventType "swiss"]
[EventRounds "9"]
[EventCountry "ESP"]
[SourceTitle "CBM 125 Extra"]
[Source "ChessBase"]
[SourceDate "2008.09.01"]
[SourceVersion "1"]
[SourceVersionDate "2008.09.01"]
[SourceQuality "1"]

1. d4 d5 2. Nf3 Nf6 3. c4 c6 4. Nc3 a6 5. c5 Bf5 6. Bf4 Nbd7 7. e3 g6 8. h3 Bg7 9. Be2 Be4 10. Ng5 h6 11. Ngxe4 Nxe4 12. Nxe4 dxe4 13. Qc2 Qa5+ 14. Qc3 Qxc3+ 15. bxc3 Nxc5 16. Rb1 Na4 17. Rxb7 Nxc3 18. Bc4 Bf6 19. 0-0 Nd5 20. Bg3 0-0 21. Rc1 Rfc8 22. Bb3 a5 23. Ba4 e6 24. Rxc6 Nb4 25. Rxc8+ Rxc8 26. Bb3 Nd3 27. Bc7 Ra8 28. d5 e5 29. d6 Rf8 30. f3 exf3 31. gxf3 Bg5 32. Kf1 Bf6 33. Ke2 Nb4 34. Kd1 Na6 35. Ra7 Nc5 36. Bxa5 Nxb3 37. axb3 Rb8 38. b4 Bd8 39. Bc7 Bxc7 40. dxc7 Rc8 41. b5 1-0

[Event "Vila de Marin op 5th"]
[Site "Vila de Marin"]
[Date "2005.08.26"]
[Round "6"]
[White "Diaz Nunez, Adolfo"]
[Black "Perez Fungueiro, Manuel Antonio"]
[Result "1/2-1/2"]
[WhiteElo "2205"]
[BlackElo "2300"]
[PlyCount "81"]
[EventDate "2005.08.21"]
[EventType "swiss"]
[EventRounds "9"]
[EventCountry "ESP"]
[SourceTitle "CBM 108 Extra"]
[Source "ChessBase"]
[SourceDate "2005.11.04"]
[SourceVersion "1"]
[SourceVersionDate "2005.11.04"]
[SourceQuality "1"]

1. Nf3 c5 2. c4 Nf6 3. Nc3 Nc6 4. g3 d5 5. d4 cxd4 6. Nxd4 dxc4 7. Nxc6 Qxd1+ 8. Nxd1 bxc6 9. Bg2 Nd5 10. Ne3 e6 11. Nxc4 Ba6 12. Na5 Bb4+ 13. Bd2 Bxd2+ 14. Kxd2 0-0-0 15. Nxc6 Nf4+ 16. Nxd8 Rxd8+ 17. Kc2 Nxg2 18. Rhg1 Bb7 19. Rad1 h5 20. Rxd8+ Kxd8 21. Kd2 h4 22. h3 hxg3 23. fxg3 f5 24. e3 e5 25. Ke2 f4 26. exf4 exf4 27. Kf2 fxg3+ 28. Kxg3 Ne3 29. Kf4 Ng2+ 30. Kg5 Ke7 31. h4 Kd6 32. h5 Ke5 33. Rc1 Nf4 34. Rc5+ Kd6 35. Rb5 Ne6+ 36. Kg6 Bc6 37. Ra5 Be8+ 38. Kh7 Ke7 39. Rxa7+ Kf6 40. Ra6 Bxh5 41. Rxe6+ 1/2-1/2

[Event "Ortigueira op 2nd"]
[Site "Ortigueira"]
[Date "2003.08.11"]
[Round "9"]
[White "Navarro Alonso, Jorge Luis"]
[Black "Diaz Nunez, Adolfo"]
[Result "1/2-1/2"]
[WhiteElo "2153"]
[BlackElo "2189"]
[PlyCount "68"]
[EventDate "2003.08.03"]
[EventType "swiss"]
[EventRounds "9"]
[EventCountry "ESP"]
[SourceTitle "EXT 2004"]
[Source "ChessBase"]
[SourceDate "2003.11.25"]
[SourceVersion "1"]
[SourceVersionDate "2003.11.25"]
[SourceQuality "1"]

1. e4 c6 2. d4 d5 3. exd5 cxd5 4. Bd3 Nc6 5. c3 g6 6. Bf4 Bg7 7. Nf3 Nf6 8. 0-0 0-0 9. Nbd2 Bf5 10. Bxf5 gxf5 11. Ne5 Ne4 12. Nb3 e6 13. f3 Nf6 14. Nxc6 bxc6 15. Nc5 Nh5 16. Qd2 Nxf4 17. Qxf4 Qb8 18. Qd2 Qd6 19. Nd3 Kh8 20. Rae1 Rg8 21. f4 Bf6 22. Re3 Rg7 23. Rff3 Rag8 24. Rg3 a5 25. Rxg7 Rxg7 26. Qe2 Qf8 27. Rg3 Rxg3 28. hxg3 Kg7 29. Ne5 Qd6 30. Qa6 Bxe5 31. fxe5 Qb8 32. b3 Qb5 33. Qa8 Qe2 34. Qxa5 Qd1+ 1/2-1/2

[Event "Ortigueira op 2nd"]
[Site "Ortigueira"]
[Date "2003.08.07"]
[Round "5"]
[White "Mazaira Alba, Javier I"]
[Black "Diaz Nunez, Adolfo"]
[Result "0-1"]
[WhiteElo "1895"]
[BlackElo "2185"]
[PlyCount "146"]
[EventDate "2003.08.03"]
[EventType "swiss"]
[EventRounds "9"]
[EventCountry "ESP"]
[SourceTitle "EXT 2004"]
[Source "ChessBase"]
[SourceDate "2003.11.25"]
[SourceVersion "1"]
[SourceVersionDate "2003.11.25"]
[SourceQuality "1"]

1. e4 c6 2. d4 d5 3. Nc3 dxe4 4. Nxe4 Bf5 5. Ng3 Bg6 6. h4 h6 7. Nf3 Nd7 8. h5 Bh7 9. Bd3 Bxd3 10. Qxd3 e6 11. Bf4 Bb4+ 12. c3 Be7 13. 0-0-0 Ngf6 14. Kb1 0-0 15. Ne4 Nxe4 16. Qxe4 Nf6 17. Qe2 Qd5 18. Ne5 Qe4+ 19. Qxe4 Nxe4 20. Rhe1 Nd6 21. g4 Rfd8 22. f3 Rac8 23. Be3 b6 24. Rd3 b5 25. b3 a5 26. a4 Bf6 27. axb5 Nxb5 28. Kc2 c5 29. Bd2 cxd4 30. c4 a4 31. Kb2 Nc3 32. Bxc3 dxc3+ 33. Rxc3 Rc5 34. Rce3 Rb8 35. f4 Bxe5+ 36. fxe5 Rxc4 37. Rg1 axb3 38. g5 hxg5 39. Rxg5 Rc2+ 40. Kb1 b2 41. Re1 Rc1+ 42. Rxc1 bxc1Q+ 43. Kxc1 Kh7 44. Kd2 Kh6 45. Rg1 Rb5 46. Rf1 Kxh5 47. Rxf7 Kg6 48. Rf1 Rxe5 49. Rg1+ Kf6 50. Rf1+ Rf5 51. Rg1 g5 52. Ke3 e5 53. Ra1 Rf4 54. Ra8 Kf5 55. Re8 Re4+ 56. Kd3 Ra4 57. Rf8+ Kg4 58. Ke3 Rf4 59. Rg8 Kh4 60. Rh8+ Kg3 61. Rh5 Rf3+ 62. Ke2 g4 63. Rxe5 Kg2 64. Re8 g3 65. Re7 Rf8 66. Re6 Kg1 67. Rg6 g2 68. Rh6 Re8+ 69. Kd2 Re5 70. Rh8 Kf2 71. Rf8+ Kg3 72. Rg8+ Kf3 73. Kd1 Re4 0-1

[Event "Ortigueira op 2nd"]
[Site "Ortigueira"]
[Date "2003.08.05"]
[Round "3"]
[White "Castro Caaveiro, Antonio"]
[Black "Diaz Nunez, Adolfo"]
[Result "0-1"]
[WhiteElo "1903"]
[BlackElo "2189"]
[PlyCount "100"]
[EventDate "2003.08.03"]
[EventType "swiss"]
[EventRounds "9"]
[EventCountry "ESP"]
[SourceTitle "EXT 2004"]
[Source "ChessBase"]
[SourceDate "2003.11.25"]
[SourceVersion "1"]
[SourceVersionDate "2003.11.25"]
[SourceQuality "1"]

1. e4 c6 2. d4 d5 3. f3 g6 4. c4 Bg7 5. e5 f6 6. f4 Nh6 7. Nf3 Be6 8. b3 0-0 9. Bd3 Na6 10. c5 Bg4 11. 0-0 Bxf3 12. Rxf3 fxe5 13. fxe5 Rxf3 14. Qxf3 Qd7 15. Bxh6 Bxh6 16. Bxa6 bxa6 17. Qe2 Qf5 18. Na3 Rf8 19. Nc2 a5 20. Rf1 Qg5 21. Rxf8+ Kxf8 22. h3 Kg8 23. a3 Qc1+ 24. Kh2 Bd2 25. Qd3 a6 26. g3 Kg7 27. Kg2 h5 28. h4 Bh6 29. Qe2 Qd2 30. Qxd2 Bxd2 31. Kf3 Kf7 32. Ke2 Bh6 33. a4 Ke6 34. b4 Kd7 35. bxa5 Kc7 36. Nb4 Kb7 37. Nd3 g5 38. hxg5 Bxg5 39. Nf4 h4 40. Ne6 h3 41. Nxg5 h2 42. Kf3 h1Q+ 43. Kf4 Kc7 44. Kf5 Kd7 45. e6+ Ke8 46. g4 Qd1 47. Nf7 Qxd4 48. Kg5 Qg7+ 49. Kf5 Qh7+ 50. Kg5 Qe4 0-1